LEADER 01910nas 2200421 n 450 001 990008900360403321 005 20240229084257.0 011 $a0251-0669 035 $a000890036 035 $aFED01000890036 035 $a(Aleph)000890036FED01 035 $a000890036 091 $2CNR$aP 00091133 100 $a20161109a19469999km-y0itaa50------ba 101 0 $afre 102 $aNL 110 $aauu-------- 200 1 $aAnnuaire de la Cour Internationale de Justice 207 1$a1946- 210 $aLa Haye$cCour Internationale de Justice 326 $aAnnuale 430 0$12001$aPublications de la Cour Permanente de Justice Internationale. Série E, Rapport annuel de la Cour Permanente de Justice Internationale 451 0$1001000907591$12001$aYearbook. International Court of Justice 530 0 $aAnnuaire de la Cour Internationale de Justice 675 $a341 675 $a341.64 : (492) 676 $a341 712 02$aPermanent court of international justice 801 0$aIT$bACNP$c20090723 859 4 $uhttp://acnp.cib.unibo.it/cgi-ser/start/it/cnr/dc-p1.tcl?catno=60674&person=false&language=ITALIANO&libr=&libr_th=unina1$zBiblioteche che possiedono il periodico 901 $aSE 912 $a990008900360403321 958 $aBiblioteca Centrale della Facoltà di Giurisprudenza dell'Università di Napoli Federico II$b1946-1987;1990-1995;$eX R 10 (INT)$fFGBC 959 $aFGBC 996 $aAnnuaire de la Cour Internationale de Justice$9800915 997 $aUNINA AP1 8 $6866-01$aNA073 Biblioteca Centrale della Facoltà di Giurisprudenza dell'Università di Napoli Federico II$bX R 10 (INT)$eCorso Umberto I, 80138 Napoli (NA)$m0812537531/33$m0812537532$nit AP2 40$aacnp.cib.unibo.it$nACNP Italian Union Catalogue of Serials$uhttp://acnp.cib.unibo.it/cgi-ser/start/it/cnr/df-p.tcl?catno=60674&language=ITALIANO&libr=&person=&B=1&libr_th=unina&proposto=NO LEADER 02252oam 2200685I 450 001 9910972592403321 005 20251117070125.0 010 $a0-429-91561-6 010 $a0-429-90138-0 010 $a0-429-47661-2 010 $a1-283-12497-1 010 $a9786613124975 010 $a1-84940-186-1 035 $a(CKB)2670000000094803 035 $a(EBL)712310 035 $a(OCoLC)729167053 035 $a(SSID)ssj0000523832 035 $a(PQKBManifestationID)12223046 035 $a(PQKBTitleCode)TC0000523832 035 $a(PQKBWorkID)10545416 035 $a(PQKB)10371289 035 $a(MiAaPQ)EBC712310 035 $a(Au-PeEL)EBL712310 035 $a(CaPaEBR)ebr10477668 035 $a(CaONFJC)MIL312497 035 $a(OCoLC)738434107 035 $a(FlBoTFG)9780429476617 035 $a(EXLCZ)992670000000094803 100 $a20181122h20181995 uy 0 101 0 $aeng 135 $aur||| ||||| 181 $ctxt 182 $cc 183 $acr 200 10$aLearning Consultation $eA Systemic Framework /$fby David Campbell 205 $aFirst edition. 210 1$aBoca Raton, FL :$cRoutledge,$d[2018]. 210 4$d©1995. 215 $a1 online resource (179 p.) 225 1 $aSystemic thinking and practice series. Work with organizations 300 $aDescription based upon print version of record. 311 08$a0-367-10482-2 311 08$a1-85575-117-8 320 $aIncludes bibliographical references and index. 327 $apt. 1. The seminars -- pt. 2. The applications. 330 3 $aA book which will illuminate the learning process from the perspective of the teacher as well as the learner. The experiences of the various contributors will empower the reader to take more personal risks in their own learning. 410 0$aSystemic thinking and practice series.$pWork with organizations. 606 $aLearning 606 $aOrganizational learning 615 0$aLearning. 615 0$aOrganizational learning. 676 $a658.4/6 676 $a668.4601 700 $aCampbell$b David$0344552 801 0$bFlBoTFG 801 1$bFlBoTFG 906 $aBOOK 912 $a9910972592403321 996 $aLearning Consultation$94483781 997 $aUNINA